[Event "RUS-Cup01 Chigorin Memorial"]
[Site "St Petersburg"]
[Date "1996.??.??"]
[Round "3"]
[White "Gubanov, Anton"]
[Black "Zontakh, Andrey"]
[Result "0-1"]
[WhiteElo "2380"]
[BlackElo "2550"]
[Annotator "Shipov,S"]
[PlyCount "82"]
[EventDate "1996.11.??"]
[EventType "swiss"]
[EventRounds "9"]
[EventCountry "RUS"]
[SourceTitle "CBM 056 Extra"]
[Source "ChessBase"]
[SourceDate "1997.03.01"]
[SourceVersion "1"]
[SourceVersionDate "1997.03.01"]
[SourceQuality "1"]

1. e4 c5 2. Nf3 Nc6 3. Bb5 g6 4. O-O Bg7 5. c3 Nf6 6. Re1 O-O 7. d4 d5 8. Bxc6
(8. exd5 Qxd5 9. c4 (9. Bxc6 Qxc6 10. Rxe7 $2 Be6 11. Ne5 Qc8 $17 {>< Re7
Antunes,A-Neverov,V/ESP/1992/0:1/16/} 12. c4 cxd4 13. Bg5 Ne4 14. Bf4 Bxe5 15.
Bxe5) 9... Qd6 10. dxc5 (10. d5 Nd4 $1 11. Nxd4 cxd4 12. Nd2 (12. Qxd4 Ng4 $36)
12... a6 13. Ba4 b5 14. Bb3 Bb7 15. cxb5 axb5 16. Nf3 Nxd5 17. Nxd4 Rfd8 18.
Nf3 h6 $15 {Speelman,J & other-Kasparov,G & Short,N/London/1993/0:1/48/}) 10...
Qxd1 11. Rxd1 Ne4 12. Nbd2 Rd8 13. Re1 Nxc5 14. Bxc6 bxc6 15. Nb3 Nd3 16. Rxe7
Nxc1 17. Rxc1 Bxb2 $15 {Ricardi,P-Kotronias,V/Yerevan/1996/1:0/81/}) (8. e5 Ne4
9. h3 Qb6 10. Ba4 Bf5 11. Na3 cxd4 12. cxd4 f6 $1 13. Bb3 Rad8 14. exf6 exf6
15. Nc2 Rfe8 $10 {Rozentalis,E-Kramnik,V/GER/1994/0:1/37/}) 8... bxc6 9. exd5
Qxd5 $5 (9... cxd5 10. dxc5 Qc7 11. Na3 (11. Be3 e5 $146) (11. b4 $5) 11...
Qxc5 12. Be3 Qc7 13. Bd4 Re8 14. h3 Qb7 15. Re2 Bf5 16. Be5 Rad8 17. Nd4 Bc8
18. Qa4 $10 {Zaitsev,I-Gagarin,V/Bucharest/1993/0.5/26/}) 10. Re5 (10. Rxe7 Bg4
$146) 10... Qd8 $6 (10... Qd6 $1 11. Rxc5 Ne4 12. Ra5 c5 $146) 11. Rxc5 Ne4 $5
12. Rxc6 (12. Rc4 $6 e5 $36) 12... e5 13. Nbd2 Bb7 14. Rc4 Qd5 15. Qb3 exd4 (
15... Rab8 16. Rb4 $1) 16. cxd4 Qd7 17. Qa4 Qf5 18. Nxe4 Bxe4 19. Rc5 Bd5 (
19... Qe6 20. Ng5) (19... Qg4 20. h3) 20. Be3 $14 Rfd8 21. Ne1 $2 (21. Ne5 $2
Qe4 $1) (21. Qc2 $1 {/\ 21...Qg4 22.h3,21...Qe6 22.Ne5!/}) 21... Bf8 $1 22. Ra5
Rab8 23. Rb5 (23. Rxa7 $5 Rxb2 $146) 23... Bd6 24. b3 Qe6 25. Qa5 Rxb5 26. Qxb5
Bb8 $1 $146 {>< Kg1/} 27. Qa5 (27. Rc1) 27... Re8 28. Qd2 Qd6 29. f4 $2 (29. g3
$8) 29... Qe6 $17 30. Nc2 Qg4 31. Re1 Bd6 32. h3 Qf5 33. Re2 Be4 34. Ne1 a5 $1
35. Kf2 $2 (35. Rf2 $17) 35... g5 36. g4 Qf6 37. f5 Qh6 $19 38. Bxg5 Qxh3 39.
Bf4 Qh4+ 40. Kf1 Qh1+ 41. Kf2 Bb4 (41... Bb4 42. Qc1 Bxe1+ 43. Rxe1 Qf3+ 44.
Kg1 Qg2#) 0-1

[Event "RUS-Cup01 Chigorin Memorial"]
[Site "St Petersburg"]
[Date "1996.??.??"]
[Round "1"]
[White "Shaposhnikov, Evgeny"]
[Black "Zontakh, Andrey"]
[Result "1/2-1/2"]
[WhiteElo "2345"]
[BlackElo "2550"]
[Annotator "Shipov,S"]
[PlyCount "92"]
[EventDate "1996.11.??"]
[EventType "swiss"]
[EventRounds "9"]
[EventCountry "RUS"]
[SourceTitle "CBM 056 Extra"]
[Source "ChessBase"]
[SourceDate "1997.03.01"]
[SourceVersion "1"]
[SourceVersionDate "1997.03.01"]
[SourceQuality "1"]

1. e4 c5 2. Nf3 Nc6 3. Bb5 g6 4. O-O Bg7 5. Re1 Nf6 6. c3 O-O 7. h3 e5 8. d4 (
8. d3 d6 9. Nbd2 h6 10. Nf1 Qc7 11. Ba4 Rb8 12. Be3 Kh7 13. Bc2 b6 14. d4 Bd7
15. d5 $14 {Stripunskij,A-Antunes,A/Wijk aan Zee/1996/1:0/59/}) (8. Bxc6 dxc6
9. Nxe5 $6 Re8 10. f4 Nh5 11. d4 Qh4 12. Rf1 Bxh3 $1 13. gxh3 Qg3+ 14. Kh1
Qxh3+ 15. Kg1 Ng3 $40 {Galdunts,S-Dreev,A/St.Petersburg/1993/0:1/36/}) 8...
cxd4 9. cxd4 exd4 (9... d5 $5 10. Nxe5 Nxe5 11. dxe5 Nxe4 12. Nc3 Nxc3 13. bxc3
a6 14. Ba4 b5 15. Bb3 Bb7 16. a4 Re8 17. Qd4 Qc7 $10 {Perez,J-Castany,L/ESP/
1996/0.5/23/}) 10. e5 (10. Nxd4 Qb6 $1 11. Nxc6 $8 dxc6 $10) 10... Nd5 11. Bg5
Qc7 (11... Qb6 12. Na3 $1 $146) 12. Qb3 (12. Bxc6 dxc6 13. Qxd4 h6 $1 14. Bh4
g5 15. Bg3 Ne7 (15... Qb6 $1 $15) 16. Bh2 Rd8 17. Qe3 Nf5 18. Qe2 $10 {
Zolnierowicz,K-Dokhoian,Y/Lublin/1993/0:1/32/}) 12... Nb6 13. Nbd2 $5 (13. Bf4
a6 14. Bf1 Na5 15. Qd1 Nd5 16. Bg3 Qb6 17. Qxd4 Qxd4 18. Nxd4 Nc6 19. Nxc6 dxc6
$10 {Tkachiev,V-Mortensen,E/Moscow/1994/0.5/56/}) 13... d5 (13... d6 $5 14.
exd6 Qxd6 15. Ne4 Qc7 $13) (13... Nxe5 14. Nxe5 Bxe5 15. Rac1 Qb8 16. Bh6 Bg7
17. Bxg7 Kxg7 18. Qb4 $146) 14. Rac1 Bd7 15. Be7 Rfe8 16. Bd6 Qd8 17. Bxc6 Bxc6
18. Nxd4 $14 {>< d4/} Qd7 19. Qg3 Nc8 20. Bb4 Ne7 (20... a5 $5) 21. N2b3 (21.
Qf4 $5 {>< f5/}) 21... Nf5 22. Nxf5 Qxf5 23. Nd4 Qh5 $1 {>< e5/} 24. f4 (24.
Bd6 $5 Rac8 25. Rc3 $14 {/\ 25...Bd7 26.Rc8 Rc8 27.Qb3!|^/}) 24... Rac8 25. Bc3
(25. Bd6 Bh6 $1 {<=> ><f4/}) 25... Bd7 $1 26. Re3 (26. Qd3 Qh4 $36) 26... Bf5 (
26... Rc4 $5) 27. Qf2 (27. Nxf5 Qxf5 28. Rd1 Rc4 $132) (27. Nb5 $6 a6 {/\} 28.
Nd6 d4 $1) 27... Be4 (27... a6 $5) 28. Ne2 $2 (28. Nb5 $1 Bf8 29. Nxa7 $14)
28... Qh6 $8 29. Ng3 f5 $1 $15 (29... Bxg2 30. Kxg2 d4 31. Rd3 dxc3 32. Rcxc3
$13) 30. Ne2 (30. exf6 Bxf6 $15) 30... Bf8 31. Bd4 Rxc1+ 32. Nxc1 Rc8 33. Rc3
Rxc3 34. Bxc3 b6 35. Nb3 Qh5 36. Kh2 (36. Qd2 $5 {>< d1/}) 36... Qd1 37. e6 $1
{/\ Nd2,Qd4/} Bd6 38. Nd2 (38. Qh4 $2 Qe2 39. Qd8+ Bf8 $19) (38. Be5 Be7 39.
Nd4 Qc1 $15) 38... g5 (38... Bc5 39. Bd4 Bb4 40. Bc3) 39. e7 $2 (39. Be5 Bc5 (
39... Bxe5 40. fxe5 $13) 40. Bd4 Bd6 41. Be5 $10) 39... Kf7 (39... Bxf4+ $2 40.
Qxf4 gxf4 41. e8=Q#) (39... Bxe7 40. Qd4 $13) 40. Be5 Bxe5 $2 (40... Bc5 $1 41.
Bd4 Bxe7 42. Nxe4 fxe4 43. fxg5+ Ke8 $17) 41. fxe5 f4 42. Qd4 Qe2 43. Nxe4 Qxe4
44. Qc3 Qc4 (44... Kxe7 45. Qc7+ $10) 45. Qf3 Qe4 (45... Kxe7 46. Qh5 $10) 46.
Qc3 Qc4 1/2-1/2

[Event "Madrid"]
[Site "Madrid"]
[Date "1996.05.14"]
[Round "6"]
[White "Shirov, Alexei"]
[Black "Illescas Cordoba, Miguel"]
[Result "1/2-1/2"]
[WhiteElo "2690"]
[BlackElo "2635"]
[Annotator "Shirov,A"]
[PlyCount "152"]
[EventDate "1996.05.08"]
[EventType "tourn"]
[EventRounds "9"]
[EventCountry "ESP"]
[EventCategory "17"]
[SourceTitle "CBM 053"]
[Source "ChessBase"]
[SourceDate "1996.08.01"]
[SourceVersion "1"]
[SourceVersionDate "1996.08.01"]
[SourceQuality "1"]

1. e4 {Bologan} c5 2. Nf3 Nc6 3. Bb5 g6 4. O-O Bg7 5. Re1 e5 6. Bxc6 dxc6 7. d3
Qc7 8. Be3 b6 9. a3 $1 $146 Nf6 10. b4 cxb4 11. axb4 O-O (11... Bg4 $5 12. Nbd2
Nd7) 12. h3 $1 Nh5 13. Nc3 Nf4 14. Bxf4 $1 (14. Qd2 Ne6 $10) 14... exf4 15. Qd2
h6 $6 (15... Bb7 $1 $14 16. e5 $140 c5 $1 $132) 16. e5 $1 g5 17. d4 $16 Bf5 $6
18. Ne4 Rad8 19. Nd6 $6 {Better was 19.c4 followed by 20.Nd6 and 'c4-c5'.} (19.
c4 $1 Bxe4 (19... Be6 20. Qc3 $16 {/\21.c5}) (19... f6 20. Nxf6+ Bxf6 21. exf6
Rxf6 22. Re5 $16) 20. Rxe4 f5 21. exf6 Bxf6 22. Qe2 $16) 19... Be6 20. c4 $6
Rxd6 $1 $8 {A typical Miguel's way to solve the problem.} (20... c5 {Bologan}
21. bxc5 bxc5 22. Nb5 Qb6 23. d5 Bxd5 24. cxd5 Qxb5 25. Rxa7 $16) 21. exd6 Qxd6
22. c5 (22. Rxa7 Bxc4 $10) 22... bxc5 23. bxc5 Qd5 $1 $44 24. Qc3 $1 (24. Rxa7
Bxh3 $1 $132) 24... Rd8 25. Ra4 Bf6 26. Ne5 Bxe5 $6 (26... h5 $1 $14) 27. Rxe5
Qb3 28. Qxb3 Bxb3 29. Ra6 $1 Rxd4 $1 (29... Bd5 30. Rxa7 $18) 30. Rxc6 Kg7 31.
Ra6 Rd1+ 32. Kh2 Be6 33. Rxa7 Kf6 34. Re2 Rc1 35. Rc7 $4 {After 35.Ra5 White
would have small chances to win the game.} (35. Ra5 $1 $16 {/\ f3, h4}) 35...
h5 $1 36. f3 Kf5 37. Rd2 g4 $1 38. hxg4+ hxg4 39. fxg4+ Kxg4 40. c6 Kf5 $10 41.
Re2 Kg4 42. Rb2 Rc5 43. Rb4 Rc2 44. Rd4 Kf5 45. Kg1 Ke5 46. Rd1 Kf5 47. Ra7
Rxc6 48. Ra5+ Kg4 49. Rd8 Bf5 50. Rd4 Rc1+ 51. Kh2 Bg6 52. Ra3 Rf1 53. Rg3+ Kf5
54. Rf3 Rxf3 55. gxf3 Ke5 56. Rb4 Bf5 57. Rb5+ Kf6 58. Kg2 Be6 59. Kf2 Kg6 60.
Re5 Kf6 61. Ra5 Bf5 62. Ke2 Bg6 63. Kd2 Ke6 64. Kc3 Kf6 65. Kd4 Ke6 66. Ra6+
Kf5 67. Rc6 Bh7 68. Kd5 Bg6 69. Kd6 Bh5 70. Rc5+ Kg6 71. Rc3 Kf5 72. Kd5 Bg6
73. Rc1 Bh5 74. Rf1 Bg6 75. Rh1 Kf6 76. Kd6 Bd3 1/2-1/2

[Event "Swidnica"]
[Site "Swidnica"]
[Date "1999.03.31"]
[Round "8"]
[White "Pedzich, Dominik"]
[Black "Yakovich, Yuri"]
[Result "1/2-1/2"]
[WhiteElo "2436"]
[BlackElo "2565"]
[Annotator "Smirin,I"]
[PlyCount "100"]
[EventDate "1999.03.??"]
[EventType "tourn"]
[EventRounds "9"]
[EventCountry "POL"]
[EventCategory "10"]
[SourceTitle "CBM 071"]
[Source "ChessBase"]
[SourceDate "1999.08.01"]
[SourceVersion "1"]
[SourceVersionDate "1999.08.01"]
[SourceQuality "1"]

1. e4 c5 2. Nf3 Nc6 3. Bb5 g6 4. O-O Bg7 5. c3 Nf6 6. e5 Nd5 7. d4 cxd4 8. cxd4
O-O 9. Nc3 Nc7 10. Ba4 (10. Bf4 Nxb5 11. Nxb5 a6 12. Nc3 d6 13. exd6 exd6 14.
h3 Re8 15. Qd2 Bf5 16. Rfe1 Qd7 17. Bh6 Bh8 18. Qf4 d5 19. Ne5 Nxe5 20. dxe5
Qc6 21. Rac1 Qc4 22. Ne4 Qxa2 23. Nd6 $14 {Fierro Baquero,M-Ghorbani,M/ol (men)
1998/1-0 (49)}) (10. Re1 d6 11. exd6 Qxd6 12. Ne4 Qd5 13. Nc3 Qd6 14. Ne4 $11
Qb4 (14... Qd5) 15. Bxc6 bxc6 16. Ne5 Qb6 17. Nc5 Rd8 18. Qf3 $14 {Rubery,
M-Nilssen,J/ol (men) 1998/0-1 (46)}) 10... d6 11. Bxc6 (11. h3 dxe5 12. dxe5
Qxd1 13. Rxd1 Nxe5 14. Nxe5 Bxe5 15. Bg5 Bxc3 16. bxc3 b5 17. Bc2 Bb7 18. Bxe7
Rfe8 19. Rd7 Nd5 20. Rxb7 Rxe7 {Ardeleanu,A-Dumitrache,D/ROM-ch 1996/EXP 56/1/
2-1/2 (35)}) 11... bxc6 12. Qa4 Qd7 ({Deserved serious attention interesting
idea of GM E.Volzhin} 12... Rb8 $5 $146 13. exd6 (13. Qxa7 $2 Ba6 $1 {[%csl
Ra7]} 14. exd6 exd6 $19 15. Rd1 Rb7) (13. Qxc6 $6 Bb7 14. Qa4 Bxf3 15. gxf3
dxe5 $17) 13... Qxd6 14. Ne4 Qd5 15. Re1 Bf5 16. Nc3 Qd6 17. Bg5 (17. b3 $142
$5 Ne6 18. Ba3 $13) 17... Ne6 $15 {[%csl Rd4][%cal Rd6d4,Re6d4,Rg7d4]
Kovalevskaya,E-Volzhin,A/RUS-Cup6 1997 (32)}) (12... Bd7 13. exd6 exd6 14. Bg5
f6 15. Bf4 Be8 16. Ne4 Nb5 $13 {Rupeni,F-Williams,A/Berlin tt 1980/MCD-r8/1/
2-1/2 (48)}) 13. Re1 Ne6 14. exd6 exd6 15. Be3 Rb8 16. Qc2 Qb7 (16... f5 $5 {
[%cal Gf5f4]} 17. Ng5 Nxd4 18. Bxd4 Bxd4 19. Ne6 Qxe6 20. Rxe6 Bxe6 21. Rd1 Be5
22. Qd2 f4 $13) 17. b3 Qb4 18. Rac1 Bb7 19. a3 Qa5 (19... Qxa3 $5 20. Ra1 Qb4
21. Ra4 (21. Rxa7 Ra8) 21... Qb6 22. d5 Nc5 23. b4 Nxa4 24. Bxb6 Nxb6 25. dxc6
Bxc6 $13) 20. b4 Qf5 $5 ({Doesn't works} 20... Qxa3 21. Ra1 Qxb4 22. Reb1 Qc4
23. Ra4 $18) 21. Qd2 (21. Qxf5 $5 gxf5 22. d5 (22. Ne2 $14) 22... cxd5 23. Red1
Rfc8 24. Nxd5 Rxc1 25. Bxc1 $14) 21... a5 22. Bh6 axb4 23. axb4 Bxh6 24. Qxh6
Qf4 25. Qxf4 Nxf4 26. Re3 Ba6 27. Ra1 Bc4 $15 {[%csl Rb4,Gd5][%cal Gf4d5]} 28.
g3 (28. Ne4 Rfd8 $17) 28... Nd5 29. Nxd5 Bxd5 $17 {[%csl Gd5][%cal Gb8b4] In
arising endgame black has clear advantage-impossible to compare a powerfull
bishop d5 and useless knight on f3!} 30. Rb1 Rb5 31. Ne1 Rfb8 32. Nd3 Kf8 (
32... Bc4 33. Rc1 Bxd3 34. Rxd3 R8b6 35. d5 cxd5 (35... Rxd5 36. Rxc6 $1 $11)
36. Rcd1 Rxb4 37. Rxd5 $11) 33. Rc1 R8b6 (33... g5 $5 $17 {[%csl Gf4]
preventing activity of the white knight}) 34. g4 Be6 35. h3 Ke7 {[%cal Ge7d7,
Yb6a6]} 36. Nf4 Rxb4 37. Nxe6 fxe6 38. Rce1 e5 39. dxe5 d5 $17 {[%cal Gd5d4,
Gc6c5] Black passed pawns looks more dangerouse.} 40. Kg2 Ke6 41. Kg3 g5 42. h4
h6 43. hxg5 hxg5 44. Rh1 Re4 45. Rf3 $1 (45. Rxe4 dxe4 46. Rh5 Rb3+ 47. Kg2 c5
48. Rxg5 c4 $17) 45... Rxe5 46. Rh6+ Kd7 (46... Ke7 47. Rff6 Rb3+ 48. Kg2 c5
49. Rc6 c4 50. Rh7+ $11) 47. Rf7+ Re7 48. Rf5 $11 {[%cal Gf5d5,Gf5g5]} Rg7 (
48... Rb3+ 49. Kg2 Rg7 50. Rff6 Rc3 51. Rd6+ Kc7 52. Rdg6 Rxg6 53. Rxg6 d4 54.
Rxg5 d3 55. Kf3 d2+ 56. Ke2 Rd3 57. Kd1 $11) 49. Rxd5+ cxd5 50. Rxb6 Ke7
1/2-1/2

[Event "Donetzk zt"]
[Site "Donetsk"]
[Date "1998.11.13"]
[Round "11"]
[White "Zontakh, Andrey"]
[Black "Mikhaletz, Lubomir"]
[Result "1-0"]
[WhiteElo "2540"]
[BlackElo "2495"]
[Annotator "Smirin,I"]
[PlyCount "149"]
[EventDate "1998.11.02"]
[EventType "swiss"]
[EventRounds "11"]
[EventCountry "UKR"]
[SourceTitle "CBM 068"]
[Source "ChessBase"]
[SourceDate "1999.02.01"]
[SourceVersion "1"]
[SourceVersionDate "1999.02.01"]
[SourceQuality "1"]

1. e4 c5 2. Nf3 Nc6 3. Bb5 g6 4. O-O Bg7 5. Re1 Nd4 $5 6. Nxd4 cxd4 7. c3 a6 (
7... e6 8. e5 Ne7 $5 (8... dxc3 9. dxc3 $16 {[%csl Rd6,Rd7][%cal Gc1f4,Yb1d2,
Yd2e4]}) 9. cxd4 O-O 10. Nc3 a6 11. Ba4 d5 12. Ne2 b5 13. Bb3 a5 14. a4 b4 15.
d3 Nf5 16. Be3 f6 $44 {Damljanovic,B-Velimirovic,D/ch-YUG, Belgrade YUG 1998 1:
0 (30)}) (7... e5 $6 8. cxd4 exd4 9. d3 Ne7 10. Bg5 $5 h6 11. Bf4 a6 (11... O-O
12. Qc1 a6 13. Ba4 b5 14. Bb3 Kh7 15. Bc7 Qe8 16. Bd5 $16) 12. Bc4 $14 {
Kargoll,H-Runau,R/Hessenliga 9596 1996 0:1 (36)}) (7... Qb6 8. Na3 a6 9. Bf1 d6
10. Nc2 (10. Nc4 $5 Qc7 11. cxd4 Bxd4 12. d3 Be6 13. Be3 $32) 10... dxc3 11.
bxc3 Nf6 12. d4 O-O $13 {[%csl Rc3] Plaskett,J-Howell,C/Hastings
Challengers9596 1995 1/2 (26)}) 8. Bf1 (8. Bc4 $5 b5 9. Bd5 Rb8 10. d3 e6 11.
Bb3 Ne7 12. cxd4 Bxd4 13. Nd2 $14 {[%cal Gd2f3]}) 8... d5 9. e5 dxc3 10. bxc3
$5 {Now white prepares to create a strong center and then to use "b" file and
a3-f8 diagonal for the attack on queenside. Other possibility was more accurate
} (10. dxc3 e6 11. Nd2 Ne7 12. Nf3 $14 {[%cal Gc1f4,Yf3d4] with idea to
develope an initiative on kingside after Bf4,Qd2,Bh6,h4-h5}) 10... Nh6 11. d4
O-O 12. Nd2 Bd7 13. Qb3 Bc6 14. a4 (14. Ba3 $5 $14 {[%csl Rb6][%cal Ga3c5]})
14... Qd7 15. a5 Bb5 16. Ba3 Ba4 {Correct desision.Black needs lightsquare
bishop to protect weak pawns on queenside.} (16... Bxf1 $143 $6 17. Nxf1 Rfc8
18. Rab1 e6 19. Rec1 $14) 17. Qa2 (17. Qb4 Rfe8 18. Reb1 Rab8 (18... Bc6 19.
Nb3 $16 {[%cal Gb3c5]}) 19. Bd3 $14) 17... Rfc8 18. Bc5 Bc6 19. Nf3 {[%cal
Ge5e6]} e6 $8 20. Qd2 Nf5 21. g4 $6 {Better was not to weaken kingside and to
try to find better place for the knight} (21. Reb1 $5 {[%cal Gf3e1,Ge1d3,Gd3c5]
}) 21... Bh6 22. Qb2 Ne7 23. h3 Bf4 24. h4 h6 25. Reb1 Rf8 $5 {[%cal Gf7f6]
Now black gets counterplay by using whites weaknesses on kingside.} 26. Qa3
Rae8 27. Bd3 f6 28. Re1 ({Attempt to win a pawn after} 28. Bxe7 $6 Rxe7 29.
Bxg6 Rg7 30. h5 f5 31. gxf5 Rxf5 32. Kf1 (32. Kh1 $2 {[%tqu "En","","","",
"d7f7","",10]} Qf7 $3 {[%cal Rf5h5]} (32... Qe8 {with the same result}) 33.
Bxf7+ Kxf7 $19 {[%csl Rh1]}) 32... Bb5+ 33. Ke1 Rf8 $36 {gives to black a
strong attack}) 28... fxe5 29. Nxe5 Bxe5 30. Rxe5 Rf4 31. Be2 Kg7 $6 (31... Bb5
$1 32. Bd1 (32. Qb2 Nc6 33. Re3 Bxe2 34. Qxe2 e5 35. f3 e4 $17) 32... Nc6 33.
Re3 e5 $40) 32. Re3 Nc8 33. Re1 Qf7 (33... Qd8 $5 34. h5 Qf6 35. Rf1 Bb5 36.
Qb2 Bxe2 (36... Kh8 37. g5 hxg5 38. Bxb5 axb5 39. Qxb5 $16) 37. Qxe2 $14 {
[%csl Rc8]}) 34. f3 Qf6 35. Bd6 Nxd6 36. Qxd6 e5 $6 {Missing simple} (36...
Qxh4 37. Qxf4 (37. Bf1 Rxf3 $19) 37... Qxe1+ 38. Kg2 Qd2 $15 {with better
chances.}) 37. Qxf6+ Kxf6 38. Bd1 ({Nothing promises} 38. dxe5+ Rxe5 39. Rxe5
Kxe5 40. Bxa6+ Kf6 41. Be2 Ra4 42. Kf2 Rxa5 43. Ke3 $11) 38... e4 39. fxe4 dxe4
40. Kg2 $14 {Strong passed pawn d4 and weakness on e4 makes this endgame
slightly better for white.} g5 41. hxg5+ Kxg5 42. Rh1 Rd8 43. Rh5+ Kg6 44. Be2
Rf6 45. Kg3 Kg7 46. Re5 Rg6 47. Kh4 $1 {[%csl Re4][%cal Ge2d1,Gd1c2]} Kf6 48.
Rf5+ Kg7 49. Bc4 Rf6 50. Re5 Rfd6 51. Bb3 $16 {[%csl Re4][%cal Gb3c2]} Rg6 52.
Re7+ Kh8 53. Re1 Rg7 54. Re6 Kh7 55. Bc2 Rg5 56. Bxe4+ Bxe4 57. R1xe4 Rxa5 58.
Re7+ Kg8 59. Rxb7 Rc8 60. c4 $18 {[%csl Rg8] Pawn less and bad placement of
the king makes blacks position hopeless. Rest of the game is matter of technick
} Ra4 61. c5 Kf8 62. Rf4+ Ke8 63. Rbf7 Rc6 64. Rf8+ Ke7 65. R4f7+ Ke6 66. Rf6+
Ke7 67. Rxc6 Kxf8 68. d5 Rc4 69. Rc7 Ke8 70. c6 Kd8 71. Rd7+ Kc8 72. Kh5 a5 73.
Ra7 Rc5 74. Kxh6 Rxd5 75. g5 1-0

[Event "Pamplona 9899 9th"]
[Site "Pamplona"]
[Date "1999.01.03"]
[Round "7"]
[White "Sutovsky, Emil"]
[Black "De la Riva Aguado, Oscar"]
[Result "1-0"]
[WhiteElo "2575"]
[BlackElo "2510"]
[Annotator "Smirin,I"]
[PlyCount "63"]
[EventDate "1998.12.27"]
[EventType "tourn"]
[EventRounds "9"]
[EventCountry "ESP"]
[EventCategory "13"]
[SourceTitle "CBM 069"]
[Source "ChessBase"]
[SourceDate "1999.04.01"]
[SourceVersion "1"]
[SourceVersionDate "1999.04.01"]
[SourceQuality "1"]

1. e4 c5 2. Nf3 Nc6 3. Bb5 g6 4. Bxc6 bxc6 5. O-O Bg7 6. Re1 Nh6 7. c3 O-O 8.
d4 cxd4 9. cxd4 d5 10. e5 f6 11. h3 (11. Nbd2 g5 12. h3 (12. e6 Qd6 13. Qe2 Nf5
14. Nb3 g4 15. Nfd2 a5 16. Nf1 a4 17. Qxg4 Bxe6 (17... axb3 $6 18. Qxf5 Rxa2
19. Rb1 $16 {[%cal Ge1e3,Ge3h3]} Ra6 {[%cal Gc6c5]} 20. Re3 c5 21. Rh3 Bxe6 22.
Qxh7+ Kf7 23. Bh6 $18) 18. Bf4 h5 (18... Nxd4 $2 19. Qg3 Nf5 20. Bxd6 Nxg3 21.
Bxg3 $16) 19. Qf3 Qd8 20. Nc5 Nxd4 21. Qe3 Bf7 22. Qxd4 e5 23. Qd2 exf4 24.
Qxf4 $14 {Timman,J-Yakovich,Y/Koge op 1997/1-0 (59)}) 12... g4 13. hxg4 Nxg4
14. b3 $2 (14. Qc2 $5 $13 {[%cal Gd2b3]}) 14... fxe5 15. dxe5 Qb6 16. Re2 Ba6
$19 {0-1 Poluljahov,A-Velimirovic,D/Belgrade Beopromet 1993 (22)}) (11. exf6
exf6 12. h3 Nf7 13. b3 Ng5 14. Nbd2 Re8 15. Rxe8+ Qxe8 16. Nxg5 fxg5 17. Nf1
Qe4 18. Be3 Bd7 19. Qd2 h6 20. Rc1 $14 {[%cal Gf1h2,Gh2f3,Gf3e5] 1-0
Nevednichy,V-Poluljahov,A/JUG-chT 1994 (32)}) 11... Nf7 12. Nc3 Bf5 $2 {
Aftet next strong whites reply the bishop becomes an easy object for the attack
} (12... fxe5 $142 13. dxe5 Qc7 14. Qc2 {[%cal Gc3d5]} e6 15. Bf4 c5 16. Na4 c4
$13) 13. e6 Nd6 14. Nh4 $16 {[%csl Rf5][%cal Gg2g4,Yf2f3]} Be4 15. f3 g5 16.
fxe4 gxh4 17. exd5 cxd5 18. Nxd5 (18. Qg4 f5 19. Qxh4 Ne4 $132) 18... Nf5 19.
Qb3 Rb8 20. Qc4 Rc8 21. Qb5 Rb8 22. Qc6 Nxd4 (22... Rc8 23. Qd7 $16) 23. Qc4
Nf5 24. Rd1 Qe8 25. Qg4 Ng3 (25... Qg6 $4 26. Qxf5 Qxf5 27. Nxe7+ $18) 26. Bh6
Nh5 27. Nxe7+ $1 $18 Qxe7 28. Rd7 Qc5+ 29. Kh1 Qe5 30. Rxg7+ Kh8 31. Rd1 Rg8 $4
32. Rxg8+ (32. Rxg8+ Rxg8 {[%tqu "En","","","","g4g8","",10]} 33. Qxg8+ $1 Kxg8
34. Rd8#) 1-0

[Event "RUS-chT 06th"]
[Site "St Petersburg"]
[Date "1999.05.16"]
[Round "1"]
[White "Semeniuk, Alexander A"]
[Black "Iskusnyh, Sergei"]
[Result "1/2-1/2"]
[WhiteElo "2456"]
[BlackElo "2486"]
[Annotator "Smirin,I"]
[PlyCount "65"]
[EventDate "1999.05.16"]
[EventType "team-tourn"]
[EventRounds "9"]
[EventCountry "RUS"]
[SourceTitle "EXT 2020"]
[Source "ChessBase"]
[SourceDate "2019.10.17"]
[SourceVersion "1"]
[SourceVersionDate "2019.10.17"]
[SourceQuality "1"]
[WhiteTeam "Vladivostok DVGU"]
[BlackTeam "Novokuznetsk"]
[WhiteTeamCountry "RUS"]
[BlackTeamCountry "RUS"]

1. e4 c5 2. Nf3 Nc6 3. Bb5 g6 4. O-O Bg7 5. Re1 Nf6 6. e5 Nd5 7. Nc3 Nc7 8.
Bxc6 dxc6 9. Ne4 Ne6 10. d3 O-O 11. Be3 b6 12. Qd2 f5 13. exf6 exf6 14. Bh6 a5
15. Rad1 $6 {inaccurasy.Better was} (15. Bxg7 Kxg7 16. Re2 (16. a3 a4 17. Re2
Ra7 18. Rae1 g5 19. Ng3 Nf4 20. Re4 Kg8 21. h4 h6 22. Rxf4 $5 gxf4 23. Qxf4 {
[%csl Ra4,Rh6]} Re7 (23... Kh7 24. Nf5 Bxf5 25. Qxf5+ Kh8 26. Qf4) 24. Rf1 Qc7
25. Qxh6 $14 {Karasev,V-Vasiukov,E/St.Petersburg Petrov 1996/1/2-1/2 (60)})
16... Ra7 17. Rae1 Re7 (17... Raf7 18. h4 h5 19. b3 Qc7 20. Ng3 Nd4 21. Nxd4
cxd4 22. c3 Rd8 23. Re4 dxc3 24. Qxc3 c5 $15 {1/2-1/2 Kramnik,V-Kasparov,G/
Moscow PCA Kremlin g/25 RUS (4.2) 1996 (28)}) 18. h4 Ree8 19. Ng3 $11 {1/2-1/2
Nikolenko,O-Soffer,R/Berliner Sommer 1995}) 15... Ra7 $1 {[%cal Ga7g7] tipical
maneuvre -the rook is intering into the game this way!} 16. Bxg7 Rxg7 17. a3 g5
$36 18. Ng3 Nf4 {[%cal Gh7h5,Gh5h4,Gc8g4]} 19. Ne2 {otherwise move Bg4 looks
very unpleasant.} {[%tqu "En","","","","f4g2","",10]} Nxg2 $1 {unexpectible
sacrifise,leading to complications.After normal} (19... Nd5 20. c4 Nc7 21. d4
$14 {white stands slightly better.}) 20. Kxg2 Qd5 {[%cal Gd5g2,Gg5g4]} 21. Qe3
({Loosing by forse} 21. Nc3 Bh3+ $1 22. Kg3 Qd7 $1 23. Re4 $8 f5 {[%cal Gf5f4]}
24. Rf4 $8 gxf4+ 25. Kxh3 Qf7 26. Nh4 Qh5 {[%cal Gg7g4]} 27. f3 Rg4 $1 28. Qf2
Rxh4+ 29. Qxh4 Qxf3+ $19) 21... g4 22. Nf4 gxf3+ 23. Kh1 Qe5 (23... Qd4 24. Rg1
$132) 24. Rg1 Qxe3 25. fxe3 Re8 26. e4 $13 {black has a pawn up,but better
pawn structure and advantage a knight over the bishop gives to white
possibility to keep a balance.} f5 27. Nh5 Rxg1+ 28. Rxg1+ Kh8 $6 {After text
move black finds himself in slightly worser position} ({Deserved attention
centralization of the king after} 28... Kf7 29. Rg7+ Ke6 $13 30. Rg3 Ke5 31.
exf5 Bxf5 32. Rxf3 $11) 29. Nf6 Rd8 30. e5 c4 31. Rg3 cxd3 32. cxd3 Be6 (32...
Ba6 $2 33. e6 f2 34. Kg2 Bxd3 35. Kxf2 f4 36. Rg1 Bg6 37. Rxg6 hxg6 38. e7 $18)
33. Rxf3 $14 {[%cal Gh1g1,Gg1f2,Gf2e3,Yd3d4]} 1/2-1/2